| 000 | 00733nam a2200241Ia 4500 | ||
|---|---|---|---|
| 003 | OSt | ||
| 005 | 20220923223741.0 | ||
| 006 | a|||||r|||| 00| 0 | ||
| 007 | ta | ||
| 008 | Pun | ||
| 024 | _a221,194 | ||
| 037 | _cTextual | ||
| 040 |
_aARTS _cARTS _bPun |
||
| 041 |
_2Pun _aPun |
||
| 082 | _aO153,1N37:g, P4 | ||
| 100 | _aਸੁਹਿੰਦਰ ਬੀਰ | ||
| 245 | 0 |
_aFਿਵ ਕੁਮਾਰ _b ਜੀਵਨ ਅਤੇ ਕਵਿਤਾ |
|
| 260 |
_aਅੰਮ੍ਰਿਤਸਰ _b ਵਾਰਿਸ Fਾਹ ਫਾਉਡੇFਨ _c2004 |
||
| 300 |
_a167ਪੰ _ccm. |
||
| 650 | _aਪੰਜਾਬੀ ਸਾਹਿਤ | ||
| 942 |
_hO153,1N37:g, P4 _cTEXL _2CC |
||
| 999 |
_c367290 _d367290 |
||